The hope of the Katzekopfs.

Bibliographic Details
Main Author: Paget, Francis Edward, 1806-1882
Format: Microform Book
Language:English
Published: [London?] : [publisher not identified], [1868?]
Series:Opie collection of children's literature ; 005:028.
Juvenile Englishman's library.
Subjects:

MARC

Tag First Indicator Second Indicator Subfields
LEADER 00000cam a2200000Ia 4500
001 in00002557513
005 20151201153832.0
007 he amb016baca
007 hd bfa008baaa
008 940719s1868 enka jb 000 1 eng d
035 |a (OCoLC)ocm30790410 
037 |a CL0021000005  |b University Microfilms International 
037 |b University Microfilms International, 300 North Zeeb Road, Ann Arbor, MI 48106 
040 |a OPP  |c OPP  |d UtOrBLW 
049 |a UMIA 
090 |a PZ5  |b .O67 1990 no.005:028. 
100 1 |a Paget, Francis Edward,  |d 1806-1882. 
245 1 4 |a The hope of the Katzekopfs. 
264 1 |a [London?] :  |b [publisher not identified],  |c [1868?] 
264 3 |a London :  |b Printed by Joseph Masters and Son 
300 |a xvi, 156 pages, 1 unnumbered page, vi, 42 pages :  |b illustrations 
336 |a text  |b txt  |2 rdacontent 
337 |a microform  |b h  |2 rdamedia 
338 |a microfiche  |b he  |2 rdacarrier 
490 1 |a The Juvenile Englishman's library 
500 |a Title page lacking; running title: The hope of the Katzekopfs. 
500 |a "Classified Index" (vi p. at end) dated: July, 1868. 
500 |a Includes publisher's advertisements: 42 pages at end. 
500 |a Reproduction of original in the Bodleian Library. 
510 4 |a Opie  |c A 858 
533 |a Microfiche.  |b Ann Arbor, Mich.  |c University Microfilms International,  |d 1992.  |e 3 microfiche.  |f (Opie collection of children's literature ; 005:028)  |7 s1992 miun b 
500 |a Microform. 
650 0 |a Conduct of life  |v Juvenile fiction. 
650 0 |a Fairy tales. 
830 0 |a Opie collection of children's literature ;  |v 005:028. 
830 0 |a Juvenile Englishman's library. 
999 |a MARS 
999 f f |s 0e4490c8-478f-3d2b-aca6-3a0dda893031  |i 3ae537e1-6758-3a8b-ad1f-ece0501a8d2b  |t 0 
952 f f |a Texas A&M University  |b College Station  |c Sterling C. Evans Library  |d Evans: Microforms Fiche (3rd floor)  |t 0  |e PZ5 .O67 1990 no.005:028.  |h Library of Congress classification 
998 f f |a PZ5 .O67 1990 no.005:028.  |t 0  |l Evans: Microforms Fiche (3rd floor)